000 00758cam a2200229 4500
008 090401t1991 xxu||||| |||| 00| 0 eng d
020 _a0117523593
035 _a(Sirsi) u45319
041 _aeng
050 _a551.52
110 _aUnited Kingdom Climate Change Impacts Review Group
_9970
245 4 _aThe potential effects of climate change in the United Kingdom: First report prepared at the request of the Department of the Environment
260 _aLondon
_bHMSO
_c1991
300 _a124p. : ill.maps ; 30cm.
350 _a8.5
650 _aCLIMATE CHANGE
650 _aGREENHOUSE EFFECT
690 _aENVIRONMENTAL AND LAND CONSULTANCY
710 _aUnited Kingdom
_bDepartment of the Environment
_9982
942 _n0
948 _c04/03/1997
999 _c91685
_d91685